[Event "Lille Luce op 5th"]
[Site "Lille"]
[Date "2014.05.01"]
[Round "5"]
[White "Skomorokhin, Roman"]
[Black "Franck, Boris"]
[Result "0-1"]
[WhiteElo "2384"]
[BlackElo "2105"]
[PlyCount "141"]
[EventDate "2014.04.28"]
[EventType "swiss"]
[EventRounds "9"]
[EventCountry "FRA"]
[SourceTitle "CBM 160 Extra"]
[Source "ChessBase"]
[SourceDate "2014.07.01"]
[SourceVersion "1"]
[SourceVersionDate "2014.07.01"]
[SourceQuality "1"]

1. d4 g6 2. c4 Bg7 3. e4 d6 4. Nc3 Nd7 5. Bg5 h6 6. Bh4 c5 7. d5 Ngf6 8. Be2 g5 9. Bg3 h5 10. h3 Nf8 11. Nf3 Bh6 12. e5 dxe5 13. Nxe5 h4 14. Bh2 a6 15. 0-0 N8d7 16. Nd3 b6 17. Qc2 Ra7 18. Rae1 Rg8 19. f4 g4 20. hxg4 Nxg4 21. Bxg4 Rxg4 22. Qe2 f5 23. Nd1 Bg7 24. Ne3 Bd4 25. Kh1 Bxe3 26. Qxe3 Nf6 27. Ne5 Rc7 28. Qh3 e6 29. Qc3 Rg8 30. Nc6 Nxd5 31. Nxd8 Nxc3 32. Nxe6 Bxe6 33. Rxe6+ Kf7 34. Re5 Nxa2 35. Rxf5+ Ke8 36. Rh5 Rg4 37. f5 Rf7 38. b3 Nc3 39. Rh6 b5 40. Rxa6 bxc4 41. Re6+ Kd8 42. Rd6+ Ke8 43. Ra1 Rxf5 44. bxc4 Ne4 45. Ra8+ Kf7 46. Ra7+ Kg8 47. Rd8+ Rf8 48. Rxf8+ Kxf8 49. Bg1 Ng3+ 50. Kh2 Rxc4 51. Rc7 Ne4 52. Rh7 Ng5 53. Bxc5+ Kg8 54. Rh5 Rxc5 55. Rxh4 Kg7 56. Rf4 Kg6 57. Rf8 Rc3 58. Rf4 Ra3 59. Rf8 Ra4 60. Rg8+ Kf5 61. Rf8+ Kg4 62. Rg8 Ra2 63. Kg1 Kf4 64. Kh2 Ne4 65. Rf8+ Kg5 66. Rg8+ Kf5 67. Rf8+ Nf6 68. Rb8 Kg5 69. Rb5+ Kh4 70. Rb1 Ng4+ 71. Kh1 0-1

[Event "Lille Luce op 5th"]
[Site "Lille"]
[Date "2014.04.29"]
[Round "2"]
[White "Franck, Boris"]
[Black "Verriere, Nicolas"]
[Result "1/2-1/2"]
[WhiteElo "2105"]
[BlackElo "1844"]
[PlyCount "50"]
[EventDate "2014.04.28"]
[EventType "swiss"]
[EventRounds "9"]
[EventCountry "FRA"]
[SourceTitle "CBM 160 Extra"]
[Source "ChessBase"]
[SourceDate "2014.07.01"]
[SourceVersion "1"]
[SourceVersionDate "2014.07.01"]
[SourceQuality "1"]

1. e4 c5 2. c3 Nf6 3. e5 Nd5 4. d4 cxd4 5. cxd4 d6 6. Nf3 Nc6 7. Bc4 Nb6 8. Bb3 dxe5 9. d5 Na5 10. Nc3 Bg4 11. Be3 Nxb3 12. Qxb3 Bxf3 13. gxf3 g6 14. Nb5 Bg7 15. Rd1 0-0 16. Nxa7 Nd7 17. Qxb7 Qa5+ 18. b4 Qa4 19. Nc6 Nf6 20. Nxe7+ Kh8 21. Bc5 Rfb8 22. Qc6 Qxa2 23. 0-0 e4 24. f4 Qe2 25. Bd6 Qg4+ 1/2-1/2

[Event "NATO-ch 23nd"]
[Site "Brest"]
[Date "2012.10.02"]
[Round "2"]
[White "Franck, Boris"]
[Black "Wantiez, Fabrice"]
[Result "0-1"]
[WhiteElo "2087"]
[BlackElo "2337"]
[PlyCount "92"]
[EventDate "2012.10.01"]
[EventType "swiss"]
[EventRounds "7"]
[EventCountry "FRA"]
[SourceTitle "CBM 150 Extra"]
[Source "ChessBase"]
[SourceDate "2012.10.19"]
[SourceVersion "1"]
[SourceVersionDate "2012.10.19"]
[SourceQuality "1"]

1. e4 e5 2. Nf3 Nc6 3. Bc4 g6 4. 0-0 Bg7 5. c3 d6 6. h3 Nf6 7. d3 0-0 8. Bb3 h6 9. Nbd2 Nh5 10. Re1 Nf4 11. Nf1 g5 12. N3h2 Kh8 13. Ng3 Qf6 14. Ng4 Qg6 15. Ne3 Ne7 16. d4 h5 17. Bc2 h4 18. Ngf5 Nc6 19. d5 Nb8 20. g3 hxg3 21. fxg3 Nh5 22. Ne7 Qh7 23. N3f5 Bxf5 24. Nxf5 Bf6 25. Qg4 Rg8 26. Kg2 Nd7 27. Nxd6 cxd6 28. Qxd7 Nxg3 29. Qg4 Nh5 30. Rf1 Nf4+ 31. Kh2 Rg6 32. Rf3 Rag8 33. Be3 Rh6 34. Rg1 Rh4 35. Qf5 Qxf5 36. exf5 g4 37. Rfg3 Nxh3 38. Rf1 Nf4+ 39. Kg1 Ne2+ 40. Kg2 Nxg3 41. Kxg3 Rh3+ 42. Kf2 Rh2+ 43. Kg3 Rh3+ 44. Kf2 g3+ 45. Ke2 Rh2+ 46. Kd3 e4+ 0-1

[Event "NATO-ch 22nd"]
[Site "Kaunas"]
[Date "2011.08.10"]
[Round "4"]
[White "Franck, Boris"]
[Black "Bellemare, Regis"]
[Result "1-0"]
[WhiteElo "2090"]
[BlackElo "1736"]
[PlyCount "95"]
[EventDate "2011.08.08"]
[EventType "swiss"]
[EventRounds "7"]
[EventCountry "LTU"]
[SourceTitle "CBM 143 Extra"]
[Source "ChessBase"]
[SourceDate "2011.08.29"]
[SourceVersion "1"]
[SourceVersionDate "2011.08.29"]
[SourceQuality "1"]

1. e4 c5 2. c3 e6 3. d4 cxd4 4. cxd4 d5 5. exd5 Qxd5 6. Nc3 Bb4 7. Nf3 Nc6 8. Be2 Nf6 9. 0-0 Bxc3 10. bxc3 0-0 11. c4 Qd8 12. Bg5 h6 13. Bh4 g5 14. Bg3 Ne4 15. Bd3 Nxg3 16. hxg3 Qf6 17. Qd2 Kg7 18. Bc2 b6 19. Rfe1 Bb7 20. Rad1 Rad8 21. Qe3 Rh8 22. Be4 Na5 23. Ne5 Bxe4 24. Qxe4 h5 25. Rd3 Qe7 26. d5 f6 27. Qg6+ Kf8 28. Nc6 Nxc6 29. Rxe6 Ne5 30. Rxf6+ Nf7 31. Rdf3 Rd7 32. Rxf7+ Qxf7 33. Rxf7+ Rxf7 34. Qxg5 Rhh7 35. Qd8+ Kg7 36. Qg5+ Kf8 37. Qd8+ Kg7 38. a4 Kg6 39. f4 Kf5 40. a5 bxa5 41. Qxa5 Ke4 42. d6 Rb7 43. Qe5+ Kd3 44. c5 h4 45. gxh4 Kc4 46. h5 a5 47. c6 Ra7 48. c7 1-0

[Event "NATO-ch 22nd"]
[Site "Kaunas"]
[Date "2011.08.09"]
[Round "2"]
[White "Franck, Boris"]
[Black "Andersen, Hans Christoph"]
[Result "0-1"]
[WhiteElo "2090"]
[BlackElo "2211"]
[PlyCount "174"]
[EventDate "2011.08.08"]
[EventType "swiss"]
[EventRounds "7"]
[EventCountry "LTU"]
[SourceTitle "CBM 143 Extra"]
[Source "ChessBase"]
[SourceDate "2011.08.29"]
[SourceVersion "1"]
[SourceVersionDate "2011.08.29"]
[SourceQuality "1"]

1. e4 e6 2. Nf3 d5 3. e5 c5 4. b4 cxb4 5. a3 Nc6 6. axb4 Bxb4 7. c3 Be7 8. d4 f6 9. Bd3 fxe5 10. dxe5 Qc7 11. Bf4 Nh6 12. 0-0 0-0 13. Bxh6 gxh6 14. Re1 Bc5 15. Nbd2 Qg7 16. Ra4 Bd7 17. Rh4 Kh8 18. Nf1 Rf7 19. Ng3 Rg8 20. Qd2 Rxf3 21. gxf3 Nxe5 22. Be2 Qg5 23. Qxg5 hxg5 24. Rh5 Be8 25. Rh6 Bf7 26. Bd1 Nd3 27. Bc2 Kg7 28. Rexe6 Bxe6 29. Rxe6 Nf4 30. Nf5+ Kh8 31. Rf6 Rf8 32. Rh6 Ne2+ 33. Kf1 Nxc3 34. h4 gxh4 35. Nxh4 Rf7 36. f4 a5 37. Nf3 Ne4 38. Ne5 Rxf4 39. Ng6+ Kg7 40. Nxf4 Kxh6 41. Nxd5 Nxf2 42. Nf6 Nh3 43. Nxh7 Nf4 44. Nf6 Kg7 45. Ne4 b6 46. Ke1 Kf7 47. Bb3+ Ke7 48. Kd2 Kd7 49. Ba4+ Ke6 50. Kc3 Kd5 51. Nf6+ Ke5 52. Nd7+ Kd6 53. Kc4 Nd5 54. Nb8 Nc7 55. Nd7 Bg1 56. Nf6 Ne6 57. Ne4+ Kc7 58. Kd5 Nf4+ 59. Kc4 Be3 60. Nc3 Kd6 61. Ne4+ Ke5 62. Nc3 Bc5 63. Bc2 Ne6 64. Na4 Kd6 65. Nc3 Nd4 66. Ba4 Ke5 67. Nb5 Nf5 68. Nc3 Nd6+ 69. Kd3 Bb4 70. Nb5 Kd5 71. Nxd6 Bxd6 72. Kc3 Kc5 73. Bd1 b5 74. Be2 a4 75. Kb2 Kb4 76. Bh5 Ka5 77. Bf7 b4 78. Bc4 Kb6 79. Bf7 Be5+ 80. Ka2 Ka5 81. Bc4 Bd4 82. Bf7 Kb5 83. Be8+ Ka5 84. Bd7 b3+ 85. Kb1 a3 86. Be6 a2+ 87. Kc1 a1Q+ 0-1

[Event "NATO-ch 22nd"]
[Site "Kaunas"]
[Date "2011.08.08"]
[Round "1"]
[White "Jackson, Andy"]
[Black "Franck, Boris"]
[Result "0-1"]
[WhiteElo "1840"]
[BlackElo "2090"]
[PlyCount "71"]
[EventDate "2011.08.08"]
[EventType "swiss"]
[EventRounds "7"]
[EventCountry "LTU"]
[SourceTitle "CBM 143 Extra"]
[Source "ChessBase"]
[SourceDate "2011.08.29"]
[SourceVersion "1"]
[SourceVersionDate "2011.08.29"]
[SourceQuality "1"]

1. e4 g6 2. d4 Bg7 3. Nf3 d6 4. c4 Bg4 5. Be2 Nd7 6. Be3 e5 7. Nc3 Ne7 8. dxe5 dxe5 9. 0-0 Bxf3 10. Bxf3 0-0 11. Qb3 b6 12. Rad1 Qe8 13. Nb5 Qc8 14. Rd3 Nc5 15. Bxc5 bxc5 16. Rfd1 Nc6 17. Rd5 Nd4 18. Qe3 a6 19. Nc3 Qb7 20. Rxc5 Ne6 21. Rcd5 Qxb2 22. R5d2 Qb4 23. Be2 Nd4 24. Nd5 Qc5 25. Bf1 Rab8 26. Qc3 c6 27. Ne3 f5 28. exf5 gxf5 29. Nc2 Rbd8 30. Qg3 Rd6 31. Nxd4 exd4 32. Rxd4 f4 33. Qxg7+ Kxg7 34. Rxd6 Re8 35. Rd7+ Kf6 36. Rxh7 0-1

[Event "NATO-ch 21st"]
[Site "Koge"]
[Date "2010.10.19"]
[Round "3"]
[White "Andersen, Hans"]
[Black "Franck, Boris"]
[Result "1/2-1/2"]
[WhiteElo "1987"]
[BlackElo "2086"]
[PlyCount "54"]
[EventDate "2010.10.18"]
[EventType "swiss"]
[EventRounds "7"]
[EventCountry "DEN"]
[SourceTitle "EXT 2011"]
[Source "ChessBase"]
[SourceDate "2010.11.26"]
[SourceVersion "1"]
[SourceVersionDate "2010.11.26"]
[SourceQuality "1"]

1. d4 g6 2. c4 Bg7 3. Nc3 d6 4. e4 e5 5. dxe5 dxe5 6. Qxd8+ Kxd8 7. Be3 Nd7 8. g3 c6 9. 0-0-0 Kc7 10. f4 Bh6 11. Nf3 exf4 12. Bxf4+ Bxf4+ 13. gxf4 Nh6 14. Ng5 Nc5 15. e5 Ne6 16. Nxe6+ Bxe6 17. Be2 Nf5 18. b3 Rad8 19. Rxd8 Rxd8 20. Rd1 Nd4 21. Bf1 Bg4 22. Rd2 Ne6 23. Ne4 Rxd2 24. Kxd2 Nxf4 25. Ng5 Ne6 26. Nxh7 Bf5 27. Bd3 Bxd3 1/2-1/2

[Event "NATO-ch 20th"]
[Site "Hammelburg"]
[Date "2009.06.17"]
[Round "4"]
[White "Franck, Boris"]
[Black "Mankauskas, Donatas"]
[Result "1-0"]
[WhiteElo "2122"]
[BlackElo "1950"]
[PlyCount "31"]
[EventDate "2009.06.15"]
[EventType "swiss"]
[EventRounds "7"]
[EventCountry "GER"]
[SourceTitle "CBM 130 Extra"]
[Source "ChessBase"]
[SourceDate "2009.07.02"]
[SourceVersion "2"]
[SourceVersionDate "2009.07.15"]
[SourceQuality "1"]

1. e4 e6 2. Nf3 d5 3. e5 c5 4. b4 cxb4 5. a3 Nc6 6. axb4 Bxb4 7. c3 Be7 8. d4 h5 9. h4 Nh6 10. Bd3 Nf5 11. Na3 a6 12. Nc2 Bd7 13. Ne3 Rc8 14. Bxf5 exf5 15. Nxd5 Be6 16. Nf4 1-0

[Event "NATO-ch 19th"]
[Site "Brussels"]
[Date "2008.08.05"]
[Round "2"]
[White "Korkmaz, Necmettin"]
[Black "Franck, Boris"]
[Result "1-0"]
[WhiteElo "2210"]
[BlackElo "2128"]
[PlyCount "92"]
[EventDate "2008.08.04"]
[EventType "swiss"]
[EventRounds "7"]
[EventCountry "BEL"]
[SourceTitle "EXT 2015"]
[Source "ChessBase"]
[SourceDate "2014.11.20"]
[SourceVersion "1"]
[SourceVersionDate "2014.11.20"]
[SourceQuality "1"]

1. e4 g6 2. d4 Bg7 3. Nc3 c6 4. Bc4 e6 5. e5 d5 6. exd6 Qxd6 7. Nf3 Nf6 8. 0-0 0-0 9. Qe2 Nbd7 10. Bg5 b5 11. Bd3 a6 12. Bh4 Bh6 13. Rad1 Bb7 14. Ne5 Bf4 15. g3 Bh6 16. Qf3 Nd5 17. Rfe1 f5 18. Qe2 Nxe5 19. dxe5 Qc5 20. Nb1 Kg7 21. b4 Qb6 22. Bf6+ Nxf6 23. exf6+ Rxf6 24. Qe5 Rd8 25. Be2 Rd5 26. Qc3 Kf7 27. Bf3 Bg7 28. Bxd5 exd5 29. Qe3 Qxe3 30. Rxe3 Bf8 31. c3 Bc8 32. a3 Bd6 33. Nd2 g5 34. Nb3 f4 35. Ree1 Bg4 36. Rd2 Bc8 37. Nd4 Bd7 38. Nb3 h5 39. Nc5 Bc8 40. Nd3 h4 41. Ne5+ Kg7 42. Nxc6 fxg3 43. hxg3 hxg3 44. Ne7 Bb7 45. fxg3 Bxg3 46. Rf1 Re6 1-0

[Event "FRA-ch Accession"]
[Site "Besancon"]
[Date "2006.08.18"]
[Round "4"]
[White "Entem, Alan"]
[Black "Franck, Boris"]
[Result "1-0"]
[WhiteElo "2144"]
[BlackElo "2105"]
[PlyCount "53"]
[EventDate "2006.08.15"]
[EventType "swiss"]
[EventRounds "10"]
[EventCountry "FRA"]
[SourceTitle "CBM 113 Extra"]
[Source "ChessBase"]
[SourceDate "2006.09.14"]
[SourceVersion "1"]
[SourceVersionDate "2006.09.14"]
[SourceQuality "1"]

1. e4 g6 2. d4 Bg7 3. Nc3 c6 4. Bc4 d6 5. Qf3 e6 6. Nge2 Nd7 7. Bb3 Ngf6 8. Bg5 h6 9. Bh4 Qe7 10. 0-0-0 g5 11. Bg3 e5 12. Kb1 Nf8 13. Qe3 Ng6 14. f3 Nh5 15. Bf2 Nhf4 16. g3 Nh3 17. Be1 h5 18. Rf1 Bh6 19. Qd3 Rf8 20. Na4 b5 21. d5 bxa4 22. Bxa4 Bd7 23. dxc6 Be6 24. Bb4 0-0-0 25. Ba5 d5 26. Qa6+ Kb8 27. c7+ 1-0

[Event "FRA-ch U18"]
[Site "Aix les Bains"]
[Date "2006.04.??"]
[Round "5"]
[White "Franck, Boris"]
[Black "Guichard, Pauline"]
[Result "1/2-1/2"]
[WhiteElo "2098"]
[BlackElo "2243"]
[PlyCount "144"]
[EventDate "2006.04.??"]
[EventType "swiss"]
[EventRounds "8"]
[EventCountry "FRA"]
[SourceTitle "EXT 2007"]
[Source "ChessBase"]
[SourceDate "2006.11.23"]
[SourceVersion "1"]
[SourceVersionDate "2006.11.23"]
[SourceQuality "1"]

1. e4 c5 2. c3 d5 3. exd5 Qxd5 4. d4 Nf6 5. Nf3 Bg4 6. Be2 e6 7. 0-0 Nc6 8. h3 Bh5 9. Be3 cxd4 10. cxd4 Bb4 11. Nc3 Qd6 12. Qb3 0-0 13. Rfd1 Rfd8 14. Rac1 Ba5 15. g4 Bg6 16. Bg5 Qb4 17. Bc4 Ne7 18. Ne5 Qxb3 19. Bxb3 Rac8 20. Nxg6 hxg6 21. Kg2 Rd7 22. Bxf6 gxf6 23. Ne4 Kg7 24. Rxc8 Nxc8 25. d5 exd5 26. Rxd5 Rxd5 27. Bxd5 b5 28. a3 Ne7 29. Bb3 Bc7 30. Nc3 Be5 31. Nxb5 Bxb2 32. a4 Nc6 33. Bd5 Nb4 34. Bb3 a5 35. Nd6 Nd3 36. Bc4 Nc5 37. Bb5 Kf8 38. f4 Ke7 39. Nc4 Bc3 40. Kf3 Ke6 41. h4 Nb3 42. Ke4 f5+ 43. gxf5+ gxf5+ 44. Kd3 Be1 45. h5 Nc5+ 46. Ke3 Bb4 47. Ne5 Ne4 48. Bc4+ Kf6 49. Nxf7 Bc5+ 50. Kd3 Bf8 51. Ne5 Bh6 52. Ke3 Ng3 53. Bf7 Nf1+ 54. Kf2 Nd2 55. Kg3 Ne4+ 56. Kf3 Nc5 57. Be8 Ne6 58. Nd3 Ng7 59. Bg6 Ne6 60. Be8 Nc7 61. Bc6 Ne6 62. Be8 Ke7 63. Bg6 Kf6 64. Be8 Nd4+ 65. Ke3 Nc2+ 66. Kd2 Nd4 67. Ke3 Ne6 68. Bg6 Nc7 69. Kd4 Ne6+ 70. Ke3 Bf8 71. Be8 Ng7 72. Bg6 Ne6 1/2-1/2

[Event "FRA-ch U18"]
[Site "Calvi"]
[Date "2005.04.23"]
[Round "8"]
[White "Netzer, Jean"]
[Black "Franck, Boris"]
[Result "1-0"]
[WhiteElo "2384"]
[BlackElo "1998"]
[PlyCount "83"]
[EventDate "2005.04.??"]
[EventType "swiss"]
[EventRounds "9"]
[EventCountry "FRA"]
[SourceTitle "EXT 2006"]
[Source "ChessBase"]
[SourceDate "2005.11.24"]
[SourceVersion "1"]
[SourceVersionDate "2005.11.24"]
[SourceQuality "1"]

1. c4 g6 2. d4 c5 3. Nf3 cxd4 4. Nxd4 Bg7 5. e4 d6 6. Be2 Nf6 7. Nc3 0-0 8. 0-0 Nc6 9. Be3 Bd7 10. f3 Rc8 11. Qd2 Ne8 12. Rfd1 Nc7 13. Nxc6 bxc6 14. c5 d5 15. Rac1 Be6 16. b3 Qd7 17. Bh6 Rfd8 18. Bxg7 Kxg7 19. Qd4+ f6 20. e5 Bf7 21. Ne4 Qe6 22. exf6+ exf6 23. Ng3 Re8 24. Kf2 h5 25. Re1 Qd7 26. Ne4 Re6 27. Nd6 Rb8 28. f4 Ne8 29. Nxf7 Qxf7 30. Bd3 Rxe1 31. Rxe1 Nc7 32. f5 g5 33. Qa4 Nb5 34. Re6 Re8 35. Bxb5 cxb5 36. Qa6 Re7 37. Qd6 Rd7 38. Rxf6 Rxd6 39. Rxf7+ Kxf7 40. cxd6 Ke8 41. f6 Kd7 42. f7 1-0

[Event "FRA-ch U18"]
[Site "Calvi"]
[Date "2005.04.22"]
[Round "7"]
[White "Franck, Boris"]
[Black "Le Goff, Damien"]
[Result "1-0"]
[WhiteElo "1998"]
[BlackElo "2122"]
[PlyCount "63"]
[EventDate "2005.04.??"]
[EventType "swiss"]
[EventRounds "9"]
[EventCountry "FRA"]
[SourceTitle "EXT 2006"]
[Source "ChessBase"]
[SourceDate "2005.11.24"]
[SourceVersion "1"]
[SourceVersionDate "2005.11.24"]
[SourceQuality "1"]

1. e4 g6 2. d4 Bg7 3. Nc3 c5 4. d5 d6 5. f4 Nf6 6. Nf3 Bg4 7. h3 Bxf3 8. Qxf3 Nfd7 9. Bd3 0-0 10. 0-0 Na6 11. Bxa6 bxa6 12. g4 Rb8 13. g5 Rb4 14. a3 Rb7 15. h4 Bxc3 16. Qxc3 e6 17. b3 e5 18. f5 f6 19. fxg6 hxg6 20. Qh3 Rf7 21. Qg4 Qf8 22. Bd2 f5 23. exf5 Rxf5 24. h5 Nb6 25. hxg6 Rxf1+ 26. Rxf1 Qc8 27. Qf3 Rg7 28. c4 Qe8 29. Qf5 Rxg6 30. Kg2 Kg7 31. Rh1 Qf8 32. Rh7+ 1-0

[Event "FRA-ch U18"]
[Site "Calvi"]
[Date "2005.04.18"]
[Round "2"]
[White "Franck, Boris"]
[Black "Pieroni, Guillaume"]
[Result "1-0"]
[WhiteElo "1998"]
[BlackElo "2109"]
[PlyCount "43"]
[EventDate "2005.04.??"]
[EventType "swiss"]
[EventRounds "9"]
[EventCountry "FRA"]
[SourceTitle "EXT 2006"]
[Source "ChessBase"]
[SourceDate "2005.11.24"]
[SourceVersion "1"]
[SourceVersionDate "2005.11.24"]
[SourceQuality "1"]

1. e4 e6 2. Nf3 d5 3. e5 c5 4. b4 b6 5. c3 Qd7 6. a3 Ba6 7. Bxa6 Nxa6 8. d4 Ne7 9. 0-0 Ng6 10. h4 Be7 11. g3 Nc7 12. Qd3 a5 13. bxc5 bxc5 14. a4 Rb8 15. h5 Nf8 16. h6 gxh6 17. Bxh6 Ng6 18. Nbd2 Qc6 19. Rab1 Kd7 20. Ng5 f5 21. exf6 Bxf6 22. Rxb8 1-0

[Event "Bethune op 24th"]
[Site "Bethune"]
[Date "2003.12.28"]
[Round "4"]
[White "Cappon, John"]
[Black "Franck, Boris"]
[Result "1/2-1/2"]
[WhiteElo "2227"]
[BlackElo "2001"]
[PlyCount "113"]
[EventDate "2003.12.26"]
[EventType "swiss"]
[EventRounds "9"]
[EventCountry "FRA"]
[SourceTitle "CBM 098 Extra"]
[Source "ChessBase"]
[SourceDate "2004.03.10"]
[SourceVersion "2"]
[SourceVersionDate "2004.03.10"]
[SourceQuality "1"]

1. e4 d5 2. exd5 Nf6 3. Nc3 Nxd5 4. Bc4 Nb6 5. Bb3 Nc6 6. Nf3 Bf5 7. d4 e6 8. 0-0 Be7 9. Be3 0-0 10. Ne2 Bg4 11. Ng3 Bxf3 12. Qxf3 Nxd4 13. Bxd4 Qxd4 14. c3 Qd2 15. a4 c6 16. a5 Nd5 17. Rab1 Rfd8 18. Bc4 b5 19. Rfd1 Qh6 20. Bd3 Qf4 21. Qe2 g6 22. Be4 Rab8 23. Ra1 h5 24. Nf1 Kg7 25. g3 Qg5 26. Bg2 h4 27. Nd2 hxg3 28. hxg3 a6 29. Nf3 Qh5 30. Rd2 Bf6 31. Qe4 Qf5 32. Qe2 c5 33. Rad1 Rbc8 34. Nh2 g5 35. Nf1 Nc7 36. Rd7 Nd5 37. Ne3 Nxe3 38. Qxe3 Rxd7 39. Rxd7 Rd8 40. Rxd8 Bxd8 41. Be4 Qe5 42. f4 gxf4 43. gxf4 Qd6 44. f5 Qd1+ 45. Kf2 Bh4+ 46. Kg2 Qg4+ 47. Kf1 exf5 48. Bd3 f4 49. Qe5+ Bf6 50. Qe4 Qh3+ 51. Qg2+ Qxg2+ 52. Kxg2 Bd8 53. Be4 Bxa5 54. Bb7 b4 55. cxb4 Bxb4 56. Bxa6 Kf6 57. Kf3 1/2-1/2